[Event "Backwards Pawns: What the...pawn!"]
[Site "SchemingMind.com"]
[Date "2022.09.14"]
[Round "-"]
[White "Ilang"]
[Black "Schaakmaatje"]
[Result "1/2-1/2"]
[WhiteCountry "HUN"]
[BlackCountry "NED"]
[WhiteElo "1817"]
[WhiteRD "115"]
[BlackElo "1771"]
[BlackRD "114"]
[GameID "726764"]

1. e4 e5 2. Nf3 Nc6 3. d3 Be7 4. Nc3 d6 5. h3 h6 6. Be2 Nf6 7. a3 O-O 8. e3 Be6 9. O-O d5 10. d4 exd4
11. Nxd4 Nxd4 12. exd4 c6 13. Bf4 Bf5 14. Bd3 Bxd3 15. Qxd3 Re8 16. Bg3 Qb6 17. b3 Qd8 18. Rfe1 Bd6 19. Rxe8+ Nxe8 20. Bxd6 Nxd6
21. Re1 Qd7 22. Nd1 Re8 23. Rxe8+ Qxe8 24. Ne3 Qe4 25. Qxe4 dxe4 26. c4 f5 27. c5 Nb5 28. Nxf5 Nxa3 29. Ne3 Kf7 30. Kf1 Nb1=
1/2-1/2

[Event "Backwards Pawns: What the...pawn!"]
[Site "SchemingMind.com"]
[Date "2022.09.15"]
[Round "-"]
[White "Schaakmaatje"]
[Black "Ilang"]
[Result "1-0"]
[WhiteCountry "NED"]
[BlackCountry "HUN"]
[WhiteElo "1771"]
[WhiteRD "114"]
[BlackElo "1817"]
[BlackRD "115"]
[GameID "726765"]

1. d4 d5 2. Nf3 Nc6 3. Bf4 Nf6 4. h3 d6 5. Nc3 h6 6. e4 Nh5 7. Bh2 Nf6 8. Bd3 e5 9. dxe5 Nxe5 10. Nxe5 dxe5
11. Bxe5 Bb4 12. O-O c6 13. a3 Ba5 14. Bg3 O-O 15. Qe2 Re8 16. e5 Bxc3 17. bxc3 Nd5 18. f4 Nxc3 19. Qh5 Qd5 20. f5 Rxe5
21. Bxe5 Qxe5 22. Rae1 Qc5+ 23. Kh1 Bd7 24. Qh4 f6 25. Rf3 Kf8 26. Qg3 b5 27. Bf1 Nd5 28. c4 bxc4 29. Bxc4 Re8 30. Rxe8+ Bxe8
31. Bxd5 Qxd5 32. Re3 a6 33. Qb8 Qd1+ 34. Kh2 Qd7 35. Qb4+ Kf7 36. Qc4+ Kf8 37. Qb4+ Kf7 38. Kh1 h5 39. Qe4 Qd8 40. f4 g6
41. Qc4+ Kf8 42. Qxa6 Qd1+ 43. Kh2 Qd4 44. Rf3 c5 45. Qd3 Qxd3 46. Rxd3 c4 47. Re3 h4 48. Kg1 Kf7 49. h2 Bd7 50. g3 hxg3
51. hxg3 Bc6 52. Kf2 g5 53. fxg5 fxg5 54. Re5
1-0

[Event "Backwards Pawns: What the...pawn!"]
[Site "SchemingMind.com"]
[Date "2023.01.21"]
[Round "-"]
[White "Ilang"]
[Black "Thomas Jacob Kelly"]
[Result "1-0"]
[WhiteCountry "HUN"]
[BlackCountry "USA"]
[WhiteElo "1852"]
[WhiteRD "128"]
[BlackElo "1576"]
[BlackRD "207"]
[GameID "730491"]

1. e4 e6 2. d4 d5 3. exd5 exd5 4. c4 Be6 5. c5 a6 6. Nf3 b6 7. cxb6 c6 8. Bd3 Qxb6 9. O-O Be7 10. Re1 Nd7
11. Nc3 h6 12. Rxe6 fxe6 13. Qe2 Nf8 14. Na4 Qc7 15. Ne5 h7 16. Bf4 g5 17. Qh5+ Ng6 18. Bxg6+ hxg6 19. Qxg6+
1-0

[Event "Backwards Pawns: What the...pawn!"]
[Site "SchemingMind.com"]
[Date "2023.01.21"]
[Round "-"]
[White "Thomas Jacob Kelly"]
[Black "Ilang"]
[Result "0-1"]
[WhiteCountry "USA"]
[BlackCountry "HUN"]
[WhiteElo "1576"]
[WhiteRD "207"]
[BlackElo "1852"]
[BlackRD "128"]
[GameID "730492"]

1. e4 e5 2. Nf3 Nc6 3. Bc4 h6 4. c3 Nf6 5. d3 d6 6. b4 a5 7. Qa4 Bg4 8. b5 Ne7 9. Be3 Bxf3 10. gxf3 d5
11. b4+ c6 12. Bb3 b5 13. Qa3 Ng6 14. Bc5 Bxc5 15. bxc5 dxe4 16. dxe4 Qd3 17. c2 Qd7 18. c4 Rd8 19. O-O Nh4 20. Kh1 Qh3
0-1

[Event "Backwards Pawns: What the...pawn!"]
[Site "SchemingMind.com"]
[Date "2023.01.22"]
[Round "-"]
[White "Schaakmaatje"]
[Black "Thomas Jacob Kelly"]
[Result "1-0"]
[WhiteCountry "NED"]
[BlackCountry "USA"]
[WhiteElo "1754"]
[WhiteRD "126"]
[BlackElo "1576"]
[BlackRD "207"]
[GameID "730493"]

1. e4 e6 2. d4 d5 3. e5 c5 4. c3 b6 5. f4 Ba6 6. Bxa6 Nxa6 7. Qa4+ Qd7 8. Qxa6 c4 9. b4 b7 10. Qa3 a5
11. Qb2 Ne7 12. Nf3 a4 13. a3 b5 14. O-O Kd8 15. Be3 Nc8 16. Qe2 Qe8 17. Nbd2 Be7 18. g4 Kc7 19. Rf2 Bd8 20. Raf1 b6
21. f5 Ra7 22. fxe6 fxe6 23. Ng5 Kb8 24. Nf7 Rg8 25. Rf3 Be7 26. e4 d6 27. Nxc4 Rc7 28. Bd2 h6 29. e5
1-0

[Event "Backwards Pawns: What the...pawn!"]
[Site "SchemingMind.com"]
[Date "2023.01.22"]
[Round "-"]
[White "Thomas Jacob Kelly"]
[Black "Schaakmaatje"]
[Result "1-0"]
[WhiteCountry "USA"]
[BlackCountry "NED"]
[WhiteElo "1576"]
[WhiteRD "207"]
[BlackElo "1754"]
[BlackRD "126"]
[GameID "730494"]

1. d4 d5 2. c4 dxc4 3. Nc3 g6 4. e3 c5 5. dxc5 Qxd1+ 6. Kxd1 Nf6 7. b4 Bg7 8. f3 c6 9. Bb2 O-O 10. Kc2 Rd8
11. Bc4 Nd5 12. Bxd5 cxd5 13. Nge2 Nc6 14. a3 d4 15. exd4 Bf5+ 16. Ne4 Bxd4 17. Rhe1 Bxb2 18. Kxb2 Ne5 19. Nf4 g5 20. Nxg5 Nd3+
21. Nxd3 Rxd3 22. Rxe7
1-0

[Event "Backwards Pawns: What the...pawn!"]
[Site "SchemingMind.com"]
[Date "2023.11.26"]
[Round "-"]
[White "surfnsuds"]
[Black "Ilang"]
[Result "0-1"]
[WhiteCountry "USA"]
[BlackCountry "HUN"]
[WhiteElo "995"]
[WhiteRD "143"]
[BlackElo "1868"]
[BlackRD "153"]
[GameID "739448"]

1. d4 Nf6 2. e3 d5 3. Bd3 e6 4. c4 dxc4 5. Bxc4 Nc6 6. Nc3 Be7 7. Nf3 O-O 8. e4 Bb4 9. Bd2 Bxc3 10. bxc3 Bd7
11. Rb1 Nxe4 12. Rxb7 Rb8 13. Rb5 Nxd2 14. Qxd2 Rxb5 15. Bxb5 Qb8 16. a4 f6 17. O-O Rd8 18. Qc2 Ne7 19. Rb1 Qa8 20. Bxd7 Rxd7
21. Rb3 Nd5 22. c4 Nb6 23. Rb5 a6 24. Rb4 a5 25. Rb1 Qc6 26. h3 Nxa4 27. Rb5 a6 28. Rh5 Nb6 29. Qxh7+ Kf7 30. c5 Qa8
31. cxb6 cxb6 32. Nh4 Rxd4 33. Qg6+ Kg8 34. Rh7 Rd1+ 35. Kh2 Qb8+ 36. g3 Qb7 37. Ng2 Rd5 38. Nf4 Rd1 39. g4 f5 40. Nxe6 Qh1+
41. Kg3 Rg1+ 42. Kh4 Rxg4+ 43. Qxg4 fxg4 44. Rxg7+ Kh8 45. Rxg4 Qd5 46. Nc7 Qd8+ 47. Kh5 Qxc7 48. f4 Qh7+ 49. Kg5 Qg7+ 50. Kf5 Qd7+
51. Ke5 a5 52. f5 a4 53. f6 a3 54. Rf4 Qc7+ 55. Ke4 Qxf4+ 56. Kxf4 a2 57. f7 Kg7
0-1

[Event "Backwards Pawns: What the...pawn!"]
[Site "SchemingMind.com"]
[Date "2023.11.27"]
[Round "-"]
[White "surfnsuds"]
[Black "Schaakmaatje"]
[Result "0-1"]
[WhiteCountry "USA"]
[BlackCountry "NED"]
[WhiteElo "1013"]
[WhiteRD "145"]
[BlackElo "1643"]
[BlackRD "148"]
[GameID "739449"]

1. d4 d5 2. c4 dxc4 3. e3 Be6 4. Nf3 h6 5. Ne5 Qd6 6. Nxc4 Bxc4 7. Bxc4 e6 8. Nc3 Nf6 9. Qf3 c6 10. Ne4 Nxe4
11. Qxe4 Qb4+ 12. Bd2 Qxc4 13. b3 Qd5 14. Qxd5 exd5 15. O-O Bd6 16. Rac1 Nd7 17. Rfe1 f5 18. g3 O-O 19. f4 Nf6 20. h3 Ne4
21. Re2 Nxg3 22. Rg2 Ne4 23. d3 Nxd2 24. Rxd2 Rae8 25. Kf2 Kh7 26. Rb1 g5 27. fxg5 hxg5 28. Rh1 f4 29. e2 Re3 30. h4 g4
31. h5 d4 32. Rh4 f3 33. exf3 Rfxf3+ 34. Kg1 Re1+ 35. Kg2 Rg3+ 36. Kf2 Reg1 37. Re2 R3g2#
0-1

[Event "Backwards Pawns: What the...pawn!"]
[Site "SchemingMind.com"]
[Date "2023.11.23"]
[Round "-"]
[White "surfnsuds"]
[Black "Thomas Jacob Kelly"]
[Result "0-1"]
[WhiteCountry "USA"]
[BlackCountry "USA"]
[WhiteElo "1013"]
[WhiteRD "145"]
[BlackElo "1447"]
[BlackRD "174"]
[GameID "739451"]

1. d4 c6 2. Nf3 g6 3. e4 d6 4. Bd3 Bg4 5. h3 Bd7 6. O-O Nf6 7. Nc3 Bg7 8. Bg5 O-O 9. e5 dxe5 10. dxe5 Nd5
11. Nxd5 cxd5 12. c4 Be6 13. Qb3 Na6 14. Qxb7 Nc5 15. Qc6 Nxd3 16. b3 Nxe5 17. Nxe5 Bxe5 18. Rae1 d6 19. Qf3 g7 20. Bf4 f6
21. Bxe5 fxe5 22. Qd3 a5 23. Re4 Bf5 24. Qd5+ e6
0-1

[Event "Backwards Pawns: What the...pawn!"]
[Site "SchemingMind.com"]
[Date "2023.11.23"]
[Round "-"]
[White "Ilang"]
[Black "surfnsuds"]
[Result "1-0"]
[WhiteCountry "HUN"]
[BlackCountry "USA"]
[WhiteElo "1854"]
[WhiteRD "161"]
[BlackElo "1013"]
[BlackRD "145"]
[GameID "739452"]

1. e4 e5 2. Nf3 d6 3. d4 e6 4. e5 dxe5 5. Nxe5 f6 6. Nf3 Nc6 7. Bb5 a6 8. Bxc6+ bxc6 9. d3 Bb7 10. Nc3 c5
11. O-O Bd6 12. Re1 Qe7 13. a3 g5 14. h3 h6 15. Qe2 g4 16. hxg4 Bxf3 17. gxf3 f5 18. g3 Nf6 19. Qxe6 Qxe6 20. Rxe6+ Kf7
21. Re1 Rab8 22. Kg2 h5 23. Rh1 Rbg8 24. Bd2 h4 25. Ne2 Be5 26. f4 Bxb2 27. Ra2 Bd4 28. Nxd4 cxd4 29. c3 d5 30. Raa1 Rh7
31. Rae1 d6 32. Rb1 Ke6 33. Kf3 h3 34. c4 d5 35. Rbe1+ Kd6 36. Re5 Rh5 37. c5+ Kd7 38. c6+ Kd8 39. Re6 Ng4 40. Bc3 h2
41. Bd4 Kc8 42. Kg2 d6 43. Rhe1 Kd8 44. f3 Nh6 45. Bf6+ Kc8 46. Re8+ Rxe8 47. Rxe8#
1-0

[Event "Backwards Pawns: What the...pawn!"]
[Site "SchemingMind.com"]
[Date "2023.11.27"]
[Round "-"]
[White "Schaakmaatje"]
[Black "surfnsuds"]
[Result "1-0"]
[WhiteCountry "NED"]
[BlackCountry "USA"]
[WhiteElo "1643"]
[WhiteRD "148"]
[BlackElo "1013"]
[BlackRD "145"]
[GameID "739453"]

1. e4 e5 2. Nf3 Nc6 3. Bb5 a6 4. Ba4 Nf6 5. d3 d5 6. Nxe5 Bd7 7. Nxc6 Bxc6 8. Bxc6+ bxc6 9. e5 Nd7 10. d4 d6
11. f4 dxe5 12. dxe5 f6 13. e6 Nc5 14. Qxd8+ Rxd8 15. f5 g6 16. g4 gxf5 17. gxf5 Rd5 18. O-O Rg8+ 19. Kh1 Ne4 20. Be3 Rg4
21. Nc3 Nxc3 22. bxc3 f7 23. Rab1 fxe6 24. fxe6 Bd6 25. Rf7 Re5 26. Rb8#
1-0

[Event "Backwards Pawns: What the...pawn!"]
[Site "SchemingMind.com"]
[Date "2023.11.23"]
[Round "-"]
[White "Thomas Jacob Kelly"]
[Black "surfnsuds"]
[Result "1-0"]
[WhiteCountry "USA"]
[BlackCountry "USA"]
[WhiteElo "1447"]
[WhiteRD "174"]
[BlackElo "1013"]
[BlackRD "145"]
[GameID "739455"]

1. e4 e5 2. Nf3 Nc6 3. Bb5 a6 4. Bxc6 dxc6 5. Nc3 Bd6 6. d3 Nf6 7. Qe2 O-O 8. h3 Bb4 9. Bd2 a5 10. O-O Bxc3
11. Bxc3 e6 12. e5 Nd5 13. Bd2 b6 14. Nh2 f6 15. e4 e5 16. exd5 Qxd5 17. a4 Bb7 18. c4 Qd7 19. b4 c5 20. bxc5 bxc5
21. Rfb1 Qc6 22. Qg4 Rfd8 23. Ra3 f5 24. Qg3 f4 25. Qf3 Rf8 26. Rxb7 Qxf3 27. Nxf3 c6 28. Nxe5 Rfc8 29. Bxf4 h6 30. d2 g5
31. Rg3 Rf8 32. Bxg5
1-0

[Event "Backwards Pawns: What the...pawn!"]
[Site "SchemingMind.com"]
[Date "2023.12.03"]
[Round "-"]
[White "surfnsuds"]
[Black "lawyertheologian"]
[Result "0-1"]
[WhiteCountry "USA"]
[BlackCountry "USA"]
[WhiteElo "995"]
[WhiteRD "143"]
[BlackElo "1883"]
[BlackRD "177"]
[GameID "739752"]

1. d4 f5 2. Nc3 d5 3. Bg5 g6 4. Nf3 Bg7 5. e3 Nf6 6. Bxf6 Bxf6 7. Bd3 O-O 8. Ne5 d6 9. Nf3 e5 10. dxe5 dxe5
11. O-O Be6 12. b3 e4 13. Nd4 Bxd4 14. exd4 exd3 15. Qxd3 Nc6 16. Rae1 Nxd4 17. Na4 Qf6 18. Nc5 b6 19. Nxe6 Nxe6 20. Qc4 Rfe8
21. g3 Kg7 22. h4 c5 23. Rb1 Qd4 24. Qxd4+ Nxd4 25. c3 Nf3+ 26. Kg2 Nd2 27. Rbe1 Nxf1 28. Rxf1 Re2 29. Kf3 Rae8 30. Kg2 Re1
31. c4 R8e2 32. a3 Rxf1 33. Kxf1 Rb2 34. f3 Rxb3 35. Kf2 Rxa3 36. g4 Rc3
0-1

[Event "Backwards Pawns: What the...pawn!"]
[Site "SchemingMind.com"]
[Date "2023.12.03"]
[Round "-"]
[White "lawyertheologian"]
[Black "surfnsuds"]
[Result "1-0"]
[WhiteCountry "USA"]
[BlackCountry "USA"]
[WhiteElo "1883"]
[WhiteRD "177"]
[BlackElo "995"]
[BlackRD "143"]
[GameID "739753"]

1. e4 e5 2. Nc3 Nc6 3. Nf3 Nf6 4. Bb5 Qe7 5. O-O Nd4 6. d3 Nxb5 7. Nxb5 Qc5 8. a4 a6 9. Be3 Qxb5 10. axb5 d6
11. c3 Bg4 12. h3 Bxf3 13. gxf3 Be7 14. bxa6 bxa6 15. Qa4+ d7 16. Qc4 c6 17. Rxa6 Rxa6 18. Qxa6 O-O 19. d4 e6 20. Qb7 Re8
21. e5 Nd5 22. c4 Nxe3 23. fxe3 d6 24. exd6 Bxd6 25. Qxc6 Rd8 26. Ra1 Bf8 27. Ra7
1-0

[Event "Backwards Pawns: What the...pawn!"]
[Site "SchemingMind.com"]
[Date "2023.12.03"]
[Round "-"]
[White "Ilang"]
[Black "lawyertheologian"]
[Result "1/2-1/2"]
[WhiteCountry "HUN"]
[BlackCountry "USA"]
[WhiteElo "1868"]
[WhiteRD "153"]
[BlackElo "1883"]
[BlackRD "177"]
[GameID "739754"]

1. e4 Nf6 2. e5 Nd5 3. e4 Nf6 4. Nc3 d5 5. exd5 Nxd5 6. Nxd5 Qxd5 7. d3 e5 8. Ne2 Be6 9. Nc3 Qd7 10. Be2 Nc6
11. Ne4 O-O-O 12. Be3 f5 13. Nc5 Bxc5 14. Bxc5 Qd5 15. Ba3 Qxg2 16. Bf3 Qg6 17. Bxc6 bxc6 18. Qe2 Bd5 19. Rf1 Qh6 20. Qd2 Qh5
21. Qe2 Bf3 22. Qe3 e4 23. Kd2 exd3 24. Qe6+ Kb7 25. Rae1 Be2 26. Qb3+ Ka8 27. Bc5 dxc2+ 28. Kxc2 f4 29. Qa3 a6 30. Rg1 Rd5
31. Kb1 Rhd8 32. Rc1 Bb5 33. Qc3 Qf5+ 34. Ka1 g5 35. Be7 Rg8 36. b3 Qd7 37. Bb4 Kb7 38. a4 Be2 39. Rc2 Bd1 40. Rd2 Rxd2
41. Qxd2 Qxd2 42. Bxd2 Bxb3 43. Rb1 Rd8=
1/2-1/2

[Event "Backwards Pawns: What the...pawn!"]
[Site "SchemingMind.com"]
[Date "2023.12.06"]
[Round "-"]
[White "lawyertheologian"]
[Black "Ilang"]
[Result "1-0"]
[WhiteCountry "USA"]
[BlackCountry "HUN"]
[WhiteElo "1951"]
[WhiteRD "169"]
[BlackElo "1816"]
[BlackRD "151"]
[GameID "739755"]

1. e4 e5 2. Nc3 e6 3. d4 d6 4. Nf3 Ne7 5. Bd3 Ng6 6. h4 Be7 7. h5 Nh4 8. h6 Nxf3+ 9. Qxf3 Bf8 10. Qg3 g6
11. e5 d5 12. h5 gxh5 13. Bg5 Be7 14. Rxh5 Bxg5 15. Rxg5 Qe7 16. Rg8+ Rxg8 17. Qxg8+ Qf8 18. Qxh7 b6 19. O-O-O Nc6 20. Nb5 Kd7
21. c4 Ne7 22. Nc3 Bb7 23. cxd5 Bxd5 24. Be4 Bxe4 25. Qxe4 Qh6+ 26. Kb1 Qg6 27. Rd3 Qxe4 28. Nxe4 Nd5 29. Rf3 Ke7 30. Ng5 Rg8
31. Rg3 a5 32. Kc2 Nb4+ 33. Kb3 Rd8 34. Rc3 Nd5 35. Rf3 Rg8 36. Rg3 Nf4= 37. Nxf7 Kxf7 38. Rf3 Ke7 39. Rxf4 Rxg2 40. Kc4 Rg1
41. Rh4 Rc1+ 42. Kd3 Rb1 43. Kc2 Rf1 44. Rh7+ Kd8 45. Rf7 b5 46. f4 c6 47. d3 a4 48. Kc3 Ke8 49. Rc7 Kd8 50. Rf7 Ke8
51. Rf6 Ke7 52. b3 axb3 53. axb3 c5 54. b4 c4 55. dxc4 Rc1+ 56. Kb3 Rxc4 57. f5 exf5 58. Rxf5 Re4 59. e6 Re3+ 60. Kc2 b6
61. Rf7+
1-0

[Event "Backwards Pawns: What the...pawn!"]
[Site "SchemingMind.com"]
[Date "2023.12.03"]
[Round "-"]
[White "Schaakmaatje"]
[Black "lawyertheologian"]
[Result "0-1"]
[WhiteCountry "NED"]
[BlackCountry "USA"]
[WhiteElo "1643"]
[WhiteRD "148"]
[BlackElo "1951"]
[BlackRD "211"]
[GameID "739756"]

1. e4 Nf6 2. Nc3 d5 3. exd5 Nxd5 4. Nxd5 Qxd5 5. d4 Nc6 6. Nf3 Bg4 7. c3 e5 8. Be2 exd4 9. cxd4 O-O-O 10. O-O Nxd4
11. Nxd4 Bxe2 12. Qxe2 Qxd4 13. Be3 Qe5 14. Rab1 Bc5 15. Qg4+ f5 16. Qf4 Qxf4 17. Bxf4 Rhe8 18. Rbc1 Bb6 19. Rc2 Re4 20. Bg3 g5
0-1

[Event "Backwards Pawns: What the...pawn!"]
[Site "SchemingMind.com"]
[Date "2023.12.06"]
[Round "-"]
[White "lawyertheologian"]
[Black "Schaakmaatje"]
[Result "1-0"]
[WhiteCountry "USA"]
[BlackCountry "NED"]
[WhiteElo "1951"]
[WhiteRD "211"]
[BlackElo "1643"]
[BlackRD "148"]
[GameID "739757"]

1. e4 e5 2. Nc3 Nf6 3. f4 Nc6 4. fxe5 Nxe5 5. d4 Nc6 6. e5 Ng8 7. Nf3 d6 8. Bb5 Bd7 9. Bf4 dxe5 10. Nxe5 Nxe5
11. Bxe5 c6 12. Bc4 Qg5 13. O-O Be6 14. Bf4 Qe7 15. Bxe6 fxe6 16. Ne4 Rd8 17. Bg5
1-0

[Event "Backwards Pawns: What the...pawn!"]
[Site "SchemingMind.com"]
[Date "2023.12.06"]
[Round "-"]
[White "lawyertheologian"]
[Black "Thomas Jacob Kelly"]
[Result "1/2-1/2"]
[WhiteCountry "USA"]
[BlackCountry "USA"]
[WhiteElo "1883"]
[WhiteRD "177"]
[BlackElo "1504"]
[BlackRD "173"]
[GameID "739760"]

1. e4 c5 2. Nc3 Nc6 3. f4 g6 4. Nf3 Bg7 5. Bc4 e6 6. f5 gxf5 7. d3 Bxc3+ 8. bxc3 f6 9. O-O Na5 10. Bb3 b5
11. Qe2 Ba6 12. Ba3 Qb6 13. Kh1 c4 14. dxc4 bxc4 15. Ba4 c5 16. Qd2 Bxf1 17. Qxd7+ Kf8 18. Rxf1 e7 19. Rd1 h5 20. Rd5 c6
21. Rd1=
1/2-1/2

[Event "Backwards Pawns: What the...pawn!"]
[Site "SchemingMind.com"]
[Date "2023.12.04"]
[Round "-"]
[White "Thomas Jacob Kelly"]
[Black "lawyertheologian"]
[Result "0-1"]
[WhiteCountry "USA"]
[BlackCountry "USA"]
[WhiteElo "1447"]
[WhiteRD "174"]
[BlackElo "1951"]
[BlackRD "211"]
[GameID "739761"]

1. e4 e5 2. Nf3 Nc6 3. Bb5 Nge7 4. c3 d5 5. Nxe5 dxe4 6. f3 Qd5 7. Nxc6 Nxc6 8. Bxc6+ Qxc6 9. d3 exd3 10. Qxd3 Bc5
11. Nd2 O-O 12. b4 Bb6 13. Nc4 Re8+ 14. Be3 Bf5
0-1